| 000 | 004860000a22001810004500 | ||
|---|---|---|---|
| 003 | MACL | ||
| 005 | 20151219154127.0 | ||
| 008 | 151219b xxu||||| |||| 00| 0 eng d | ||
| 040 |
_aMACL _cMACL |
||
| 041 | _aEnglish | ||
| 082 | _a610.53/DAS | ||
| 100 |
_aDash, Dr Bhagwan _921488 |
||
| 245 |
_aAyurvedic Remedies _bAyurvedic Cures For Common Diseases |
||
| 260 |
_bHind Pocket Books _c1996 _aDelhi |
||
| 350 | _a150 | ||
| 650 |
_aMedical Science _921489 |
||
| 942 |
_cBK _k610.53/DAS _2ddc |
||
| 999 |
_c40281 _d40281 |
||